| 000 | 00787cam a22002651 4500 | ||
|---|---|---|---|
| 001 | he 67002392 | ||
| 003 | DLC | ||
| 005 | 20260227111452.0 | ||
| 008 | 861110s1964 is a 000 0 hebo | ||
| 010 | _ahe 67002392 | ||
| 035 | _a(OCoLC)14696539 | ||
| 040 |
_aDLC _cCU _dDLC |
||
| 041 | 1 |
_aheb _heng |
|
| 042 | _apremarc | ||
| 050 | 0 | 0 |
_aPR2878 _b.M6 1964 |
| 100 | 1 |
_aShakespeare, William, _d1564-1616. |
|
| 240 | 1 | 0 |
_aMidsummer night's dream. _lHebrew |
| 245 | 1 | 0 |
_aḤalom lel ḳayits _c[me-et] Ṿilyam Sheḳspir. Tirgem Ṭ. Karmi. |
| 260 |
_aMerḥavyah, _bSifriyat Poʻalim, _c724 [1964] |
||
| 300 |
_a126 p. _billus. _c19 cm. |
||
| 440 | 0 | _aSifre mofet | |
| 500 | _aVocalized. | ||
| 500 | _aTranslation of A midsummer night's dream. | ||
| 700 | 1 |
_aCarmi, T., _d1925-1994. |
|
| 999 |
_c32791 _d32791 |
||